=LDR 00000nam 2200000 4500 =001 INLIS000000000046791 =005 20150511174832.0 =006 =007 =008 =020 ##$$a 979-541-149-7 =035 ##$$0010-051500000000050 =040 ##$$a Ind =082 ##$$a 811 =090 ##$$a 811$bJok j =245 ##$$a Jakarta_Berlin$bDalam cermin puisi $cPenyunting Ramadhan K.h =250 ##$$a Cet.1 =260 ##$$a Jakarta$bPustaka firdaus$c2002. =300 ##$$a Xvii,88 HLm$bIlus$c21 cm. =850 ##$$a NBPDMAT =990 ##$$a 0001/BPAP-NTB/20142015